000 00980nam a22002417a 4500
001 1474
005 20250110101742.0
020 _a9781899762224
040 _aFISKH
_beng
082 _a591
100 _aCarwardine, Mark
245 _aPrickly and soft animals /
_cIllustrated by Martin Camm, John Francis and Dick Twinny
250 _aThis edition first published 1997 by Hours Editions Limited
260 _aLondon :
_bIlex Publishers,
_c1988
300 _a24 pages :
_c19 cm
490 _3Animal Opposites
505 _aF
520 _a"This set of charmingly written and beautifully illustrated books makes an ideal introduction to the delightful world of animals. A wide variety of animals, their basic features and habits, are brought alive using the simple concept of opposites, couples with artwork that is full of character ad colour." - the publisher
521 _a420
_bLexile estimate
521 _aF
_bRaz-Plus
650 _aanimals
942 _2ddc
_cBK
_n0
999 _c1474
_d1474